| 000 | 01873nam a2200241Ia 4500 | ||
|---|---|---|---|
| 003 | Ost | ||
| 005 | 20260507075251.0 | ||
| 008 | 260507s9999||||xx |||||||||||||| ||und|| | ||
| 020 | _a9789957122614 | ||
| 040 | _cfsecg | ||
| 041 | _aara | ||
| 082 | _a330 | ||
| 100 |
_aالعلاق، بشير _eمؤلف |
||
| 245 | 0 |
_aالقيادة الادارية / _c بشير العلاق |
|
| 260 |
_aعمان: _bدار اليازوري, _c2010 |
||
| 300 |
_a213 صفحة؛ _bإيضاحات ؛ _c24 سم |
||
| 504 | _aمراجع ص.211 | ||
| 520 | _aتعريف الادراة ، مهاراتها ، قوة تأثيرها ، مراكزها أنماطها و صفاتها ، اختيار القادة الاداريين و الاخطاء الرئيسية في عملية التقييم ، نظريات القيادة أهميتها و متطلباتها و عناصرها ، الفرق بين القيادة و الادارة ، واجبات القيادة و اكتشاف العناصر القيادية ، مفهوم التوجيه ، مبدأ غرض التوجيه و عملية التوجيه ، أسس التوجيه و ركائزه ، القيادة و اتخاذ القرارات و الحالات المؤثرة في صناعة و اتخاذ القرار ، الاهداف و صناعة القرار ، القيادة و ادارة التغيير و دور القيادة في بناء الفريق و العلاقة بين الاتصال و القيادة و الاتصال وفق نوع الرسالة الاتصالية ووفق اتجاهاته ، الاتصالات غير الرسمية و شبكات اتصال الفريق و الاتصالات الخارجية ، مع وجود أسئلة مناقشة في نهاية كل فصل. | ||
| 653 | _aالادارة | ||
| 653 | _aالقرارات الادارية | ||
| 653 | _aالقيادة | ||
| 942 | _cكتاب | ||
| 999 |
_c43699 _d43699 |
||